00413nam a22001452 4500001001100000005001700011008004100028040001500069050002000084100003300104245003700137260003500174300001000209650004800219000000468320151217155825.0070528s xx 000 0 eng d aKABUcKABU 0aQK100b.A353M481 aMettam, R. W. M.@000015537310aPoisonous plants of East Africa. aKampala :bGovt. Press,c[19?] a35 p. 0aPoisonous plantszAfrica, East.@0000155374